Marco teórico de referencia: documento de trabajo

Na minha lista:
Detalhes bibliográficos
Autor Corporativo: Universidad de El Salvador. Comisión del Consejo Superior Universitario
Formato: Texto
Publicado em: San Salvador: Universidad de El Salvador. Comisión del Consejo Superior Universitario
Tags: Adicionar Tag
Sem tags, seja o primeiro a adicionar uma tag!

MARC

LEADER 00000 a a2200000 04500
001 21148
003
040
090 |a 091800  
110 |a Universidad de El Salvador. Comisión del Consejo Superior Universitario  
245 |a Marco teórico de referencia: documento de trabajo  
260 |a San Salvador:   |b Universidad de El Salvador. Comisión del Consejo Superior Universitario  
300 |a 82 p.  
999 |c 16843  |d 16843